<?xml version="1.0" encoding="UTF-8"?>
<collection xmlns="http://www.loc.gov/MARC21/slim">
 <record>
  <leader>00616pamaa2200181   4500</leader>
  <controlfield tag="001">0000022338</controlfield>
  <controlfield tag="005">20060727090000.0</controlfield>
  <datafield tag="020" ind1="0" ind2="0">
   <subfield code="a">9839550535 </subfield>
  </datafield>
  <datafield tag="082" ind1=" " ind2=" ">
   <subfield code="a">499.238 HER</subfield>
  </datafield>
  <datafield tag="090" ind1="0" ind2="0">
   <subfield code="a">PL5107 </subfield>
   <subfield code="b">HER 1997</subfield>
  </datafield>
  <datafield tag="100" ind1="1" ind2="0">
   <subfield code="a">HERPINUS SIMANJUNTAK </subfield>
  </datafield>
  <datafield tag="245" ind1="1" ind2="0">
   <subfield code="a">Daily conversation and words = perbualan sehari-hari  </subfield>
   <subfield code="c">Herpinus Simanjuntak ; disunting oleh Siti Norma Abdullah and Noriah Saad.</subfield>
  </datafield>
  <datafield tag="250" ind1="0" ind2="0">
   <subfield code="a">Revised edition.</subfield>
  </datafield>
  <datafield tag="260" ind1="0" ind2="0">
   <subfield code="a">Kuala Lumpur: </subfield>
   <subfield code="b">S. Abdul Majid, </subfield>
   <subfield code="c">1997.</subfield>
  </datafield>
  <datafield tag="300" ind1=" " ind2=" ">
   <subfield code="a">xii, 153p.: </subfield>
   <subfield code="b">18cm.</subfield>
  </datafield>
  <datafield tag="650" ind1="0" ind2="0">
   <subfield code="a">Malay language -- </subfield>
   <subfield code="x">Conversation -- </subfield>
   <subfield code="x">English language </subfield>
  </datafield>
  <datafield tag="700" ind1="1" ind2="1">
   <subfield code="a">Siti Norma Abdullah </subfield>
  </datafield>
  <datafield tag="700" ind1="1" ind2="1">
   <subfield code="a">Noriah Saad </subfield>
  </datafield>
 </record>
</collection>
